000 00256 a2200097 4500
000 nam a22 7a 4500
005 20260218113132.0
245 _aTourism, religion and stritual jourenegs
260 _bRoutledge Taylor & Francis group
_c2011
942 _cTB
999 _c1679939
_d1679939